000
00257nam a2200121Ia 4500
008
190216s9999||||xx |||||||||||||| ||und||
100
_a
Balakrishnan C V
245
0
_a
Katha
260
_b
Malbery Books
300
_a
144
650
_a
Kathakal
942
_c
BK
999
_c
28010
_d
28010